01240cam a22002894a 45000010008000000030005000080050017000130080041000300100017000710200023000880400018001110420008001290430012001370500025001490820023001741000027001972450191002242600055004153000029004704400057004995040051005566500072006076500069006797000023007488560089007718560090008604520929Nust20180117090013.0990120s1999 ii b 001 0 eng  a 99017243  a0761993304 (cloth) aDLCcDLCdDLC apcc ad------00aHC59.72.E5bC48 199900a338.9/009172/42211 aChopra, Kanchan Ratna.10aOperationalising sustainable development :beconomic-ecological modelling for developing countries /cKanchan Chopra, Gopal K. Kadekodi in collaboration with Alison Gilbert ... [et al.]. aNew Delhi ;aThousand Oaks, Calif. :bSage,c1999. a301 p. ;bill. ;c23 cm. 0aIndo-Dutch studies on development alternatives ;v22 aIncludes bibliographical references and index. 0aSustainable developmentzDeveloping countriesxMathematical models. 0aEnvironmental policyzDeveloping countriesxMathematical models.1 aKadekodi, Gopal K.423Publisher descriptionuhttp://www.loc.gov/catdir/enhancements/fy0657/99017243-d.html413Table of contents onlyuhttp://www.loc.gov/catdir/enhancements/fy0657/99017243-t.html